000
00239nam a2200097Ia 4500
008
230907s9999||||xx |||||||||||||| ||und||
082
_a
621.319
_b
SMA
245
0
_a
Smart grids from a global perspective /
300
_a
pages cm
942
_c
BK
999
_c
597560
_d
597560